| 000 | 00806nam a2200205Ia 4500 | ||
|---|---|---|---|
| 003 | IN-BaIIA | ||
| 008 | 211028s9999 xx 000 0 eng d | ||
| 020 | _a0-460-04254-8 | ||
| 040 | _cIIA Library | ||
| 080 |
_a52(091) _bBUR |
||
| 111 |
_aEinstein Centennial Celebration Science Symposium _cCarbondale _d1979 Feb 23-Mar 2 _912274 |
||
| 245 | 4 |
_athe age of stonehenge _bproceedings of Einstein centennial celebration science Symposium held at Carbondale, February 23 - March 2, 1979 _cedited by Colin Burgess and Richard S Millman |
|
| 260 |
_aLondon _bJ. M. Dent & Sons _c1980 |
||
| 300 | _a402p. | ||
| 650 | _aAstronomy and Astrophysics thesaurus | ||
| 650 |
_aHistory of Astronomy stonehenge _912275 |
||
| 700 |
_aBurgess, Colin., ed. _912276 |
||
| 700 |
_aMillman, Richard S., ed. _912277 |
||
| 942 | _cBK | ||
| 999 |
_c7157 _d7157 |
||